Statistics for Premier League Trivia 2011/12

Click here to take the quiz!

General Stats

  • This quiz has been taken 46 times
  • The average score is 8 of 15

Answer Stats

QuestionAnswer% Correct
How many managrial changes were there during the season?4
92%
At what stadium does Tottenham play?White Hart Lane
92%
Who was top scorer?Robin Van Persie
79%
What was the score on the last game of the season when Man City played QPR?3-2
77%
What was the score when Man united played Arsenal at home?8-2
74%
What was the score when Newcasle played Man United at home?3-0
67%
Which team finished in 16th?Aston Villa
51%
Which team got the most red cards?Queens Park Rangers
44%
Who took over at Wolves for the rest of the season when Mick McCarthy got sacked?Terry Connor
44%
Name one of the two players who scored four in a match?Yakubu, Dzeko
36%
Who got manager of the season?Alan Pardew
33%
Who got the most assists?David Silva
31%
Who kept the most clean sheets?Manchester United
28%
Who is the only manager to have got more than one manager of the months?Harry Redknapp
18%
Who got young player of the season?Kyle Walker
10%

Score Distribution

Percentile by Number Answered

Percent of People with Each Score

Your Score History

You have not taken this quiz